Bài học và ảnh hưởng của Công xã Paris đối với phong trào công nhân quốc tế Luận văn tốt nghiệp Đại học Sư phạm ngành Sử khóa 21

保存先:
書誌詳細
第一著者: Vũ Đình Thục
フォーマット: 図書
言語:Undetermined
出版事項: Cần Thơ Trường Đại học Cần Thơ, Khoa Sư phạm, Bộ Môn Lịch sử 1999
主題:
タグ: タグ追加
タグなし, このレコードへの初めてのタグを付けませんか!
Thư viện lưu trữ: Trung tâm Học liệu Trường Đại học Cần Thơ
LEADER 00782nam a2200193Ia 4500
001 CTU_33500
008 210402s9999 xx 000 0 und d
082 |a 944 
082 |b Th506/1999 
100 |a Vũ Đình Thục 
245 0 |a Bài học và ảnh hưởng của Công xã Paris đối với phong trào công nhân quốc tế 
245 0 |b Luận văn tốt nghiệp Đại học Sư phạm ngành Sử khóa 21 
245 0 |c Vũ Đình Thục 
260 |a Cần Thơ 
260 |b Trường Đại học Cần Thơ, Khoa Sư phạm, Bộ Môn Lịch sử 
260 |c 1999 
650 |a france - history - 1789 
904 |i Nguyễn Quang Điền, 991101 
980 |a Trung tâm Học liệu Trường Đại học Cần Thơ